Tennessee County Seats - Statistics

General Stats
  • This quiz has been taken 112 times
  • The average score is 58 of 95
Answer Stats
County County Seat % Correct
Davidson Nashville
91%
Hamilton Chattanooga
85%
Bradley Cleveland
85%
Knox Knoxville
85%
Shelby Memphis
85%
Montgomery Clarksville
82%
Rutherford Murfreesboro
82%
Putnam Cookeville
76%
Madison Jackson
76%
Sevier Sevierville
76%
Cumberland Crossville
74%
Meigs Decatur
74%
Dyer Dyersburg
74%
Blount Maryville
74%
Cocke Newport
74%
Bedford Shelbyville
74%
Rhea Dayton
71%
Williamson Franklin
71%
Chester Henderson
71%
Bledsoe Pikeville
71%
Anderson Clinton
68%
Greene Greeneville
68%
Roane Kingston
68%
Loudon Loudon
68%
Monroe Madisonville
68%
Hamblen Morristown
68%
Robertson Springfield
68%
Lake Tiptonville
68%
Maury Columbia
65%
Obion Union City
65%
Crockett Alamo
62%
McMinn Athens
62%
Sullivan Blountville
62%
Haywood Brownsville
62%
Pickett Byrdstown
62%
Stewart Dover
62%
Houston Erin
62%
Sumner Gallatin
62%
Trousdale Hartsville
62%
Wilson Lebanon
62%
Warren McMinnville
62%
Giles Pulaski
62%
DeKalb Smithville
62%
Hancock Sneedville
62%
White Sparta
62%
Cheatham Ashland City
59%
Polk Benton
59%
Smith Carthage
59%
Clay Celina
59%
Campbell Jacksboro
59%
Fentress Jamestown
59%
Macon Lafayette
59%
Marshall Lewisburg
59%
Moore Lynchburg
59%
Henry Paris
59%
Morgan Wartburg
59%
Humphreys Waverly
59%
Cannon Woodbury
59%
Benton Camden
56%
Sequatchie Dunlap
56%
Marion Jasper
56%
Lawrence Lawrenceburg
56%
Henderson Lexington
56%
Overton Livingston
56%
McNairy Selmer
56%
Wayne Waynesboro
56%
Franklin Winchester
56%
Jefferson Dandridge
53%
Decatur Decaturville
53%
Carter Elizabethton
53%
Unicoi Erwin
53%
Lincoln Fayetteville
53%
Jackson Gainesboro
53%
Scott Huntsville
53%
Washington Jonesborough
53%
Coffee Manchester
53%
Johnson Mountain City
53%
Van Buren Spencer
53%
Hickman Centerville
50%
Dickson Charlotte
50%
Tipton Covington
50%
Lewis Hohenwald
50%
Carroll Huntingdon
50%
Perry Linden
50%
Hawkins Rogersville
50%
Hardin Savannah
50%
Claiborne Tazewell
50%
Hardeman Bolivar
47%
Union Maynardville
47%
Lauderdale Ripley
47%
Grainger Rutledge
47%
Gibson Trenton
47%
Grundy Altamont
44%
Weakley Dresden
44%
Fayette Somerville
44%
No matching quizzes found
Score Distribution
Percent of People with Each Score
Percentile by Number Answered
Your Score History
You have not taken this quiz